00294 a2200133 450000100060000002000150000604000240002110000180004524000340006324500290009730000080012636200090013465000170014370814 a8536300949 cAnchieta - Itaigara aNarbona, Juan10aA linguagem da criançalpor10aA linguagem da criança a5430 a2005 4aEducação